Stories I Must Tell (Record no. 41722)
[ view plain ]
| 000 -LEADER | |
|---|---|
| fixed length control field | 00286nam a2200121Ia 4500 |
| 008 - FIXED-LENGTH DATA ELEMENTS--GENERAL INFORMATION | |
| fixed length control field | 241015s9999 xx 000 0 und d |
| 041 ## - LANGUAGE CODE | |
| Language code of text/sound track or separate title | eng |
| 082 ## - DEWEY DECIMAL CLASSIFICATION NUMBER | |
| Classification number | 920 BED |
| 100 ## - MAIN ENTRY--PERSONAL NAME | |
| Personal name | Kabir Bedi |
| 245 ## - TITLE STATEMENT | |
| Title | Stories I Must Tell |
| 260 ## - PUBLICATION, DISTRIBUTION, ETC. | |
| Name of publisher, distributor, etc. | Westland |
| Place of publication, distribution, etc. | Chennai |
| Date of publication, distribution, etc. | 2021 |
| 300 ## - PHYSICAL DESCRIPTION | |
| Extent | 311;. P. 21 cm |
No items available.